| 000 | 00630nam a2200205 a 4500 | ||
|---|---|---|---|
| 005 | 20140414132124.0 | ||
| 008 | 130222s19uu xx 00 eng d | ||
| 020 | _a9781411434158 | ||
| 050 |
_aTR 372.4 _bKe26 2007 |
||
| 100 | _aKeeley, Shannon | ||
| 245 | _aSummer skills daily activity workbook. | ||
| 260 |
_aNew York : _bSterling Publishing,Inc, _c2007. |
||
| 300 | _a96 | ||
| 500 | _aincludes math, language arts, social studies, science activities | ||
| 650 |
_aMathematics- _xactivity book. |
||
| 650 | _aReading-activity workbook. | ||
| 700 | _aHector Borlasca [illustrator] | ||
| 999 |
_c115160 _d115160 |
||